000
00264nam a22001217a 4500
003
SGT
082
_a
574.192
_b
ROD
100
_a
RODWELL, VICTORW
245
_a
HARPER'S BIOCHEMISTRY
260
_b
MC. GREW HILL NEW DELHI
_c
2015
300
_a
810
942
_2
ddc
_c
BK
_0
5
999
_c
13710
_d
13710